Game-theoretic models of cooperation and conflict /

Bibliographic Details
Main Author: Mayberry, John P.
Format: Book
Language:English
Published: Boulder : Westview, 1992.
Series:Underground classics in economics.
Subjects:

MARC

Tag First Indicator Second Indicator Subfields
LEADER 00000cam a22000008a 4500
001 in00001097721
005 20150929192035.0
008 920819r19921965cou b 000 0 eng
010 |a  92031019  
020 |a 0813315247 (alk. paper) 
035 |a (OCoLC)26590709 
035 |9 AFS8676AM 
040 |a DLC  |c DLC  |d VVC  |d TXA  |d UtOrBLW 
049 |a TXAM 
050 0 0 |a QA269  |b .M4 1992 
082 0 0 |a 519.3  |2 20 
100 1 |a Mayberry, John P. 
245 1 0 |a Game-theoretic models of cooperation and conflict /  |c John P. Mayberry, with John C. Harsanyi, Herbert E. Scarf, and Reinhard Selten. 
263 |a 9209 
264 1 |a Boulder :  |b Westview,  |c 1992. 
300 |a ix, 212 pages :  |b illustrations ;  |c 23 cm. 
336 |a text  |b txt  |2 rdacontent 
337 |a unmediated  |b n  |2 rdamedia 
338 |a volume  |b nc  |2 rdacarrier 
490 1 |a Underground classics in economics 
500 |a Papers originally issued 1965-1968. 
504 |a Includes bibliographical references. 
650 0 |a Game theory. 
830 0 |a Underground classics in economics. 
999 |a MARS 
999 f f |s 3b32cdfa-e22c-3865-ba2d-51822544a14d  |i 8807cfef-6025-370c-baa7-dab553783aef  |t 0 
952 f f |p normal  |a Texas A&M University  |b College Station  |c Sterling C. Evans Library  |d Evans: Library Stacks  |t 0  |e QA269 .M4 1992  |h Library of Congress classification  |i unmediated -- volume  |m A14816624526 
998 f f |a QA269 .M4 1992  |t 0  |l Evans: Library Stacks